[Event "GER M-453 D email"]
[Site "GER email"]
[Date "2010.??.??"]
[Round "?"]
[White "Siedler, Kurt"]
[Black "Weilensel, Wolfgang"]
[Result "1-0"]
[WhiteElo "2178"]
[BlackElo "1929"]
[PlyCount "79"]
[EventDate "2010.??.??"]
[EventType "tourn (corr)"]
[EventRounds "1"]
[EventCountry "GER"]
[SourceTitle "Corr 2015"]
[Source "ChessBase"]
[SourceDate "2015.07.17"]
[SourceVersion "1"]
[SourceVersionDate "2015.07.17"]
[SourceQuality "1"]

1. e4 e5 2. Nf3 Nc6 3. Bb5 a6 4. Ba4 Bc5 5. 0-0 Nf6 6. c3 0-0 7. d4 Bb6 8. dxe5 Nxe4 9. Qd5 Nc5 10. Bc2 d6 11. exd6 Qxd6 12. Qxd6 cxd6 13. Be3 Bg4 14. Nbd2 Rad8 15. h3 Bh5 16. Nh4 d5 17. g4 Bg6 18. Nxg6 hxg6 19. Nf3 Nd7 20. Bf4 Rfe8 21. Rfe1 Nf6 22. Rad1 Kf8 23. Kg2 Rxe1 24. Rxe1 d4 25. c4 Bc5 26. a3 a5 27. Bd2 Nd7 28. Ba4 Ndb8 29. Ne5 Bb6 30. Nd3 Nd7 31. b4 axb4 32. axb4 Bc7 33. b5 Nce5 34. Nxe5 Nxe5 35. Bb4+ Kg8 36. b6 Bb8 37. Be7 Rc8 38. c5 f6 39. f4 Nd3 40. Re4 1-0